Meranie chudoby

Enregistré dans:
Détails bibliographiques
Auteur principal: Labudová, Viera, 1958-
Format: Chapitre de livre
Langue:slovaque
Sujets:
Tags: Ajouter un tag
Pas de tags, Soyez le premier à ajouter un tag!

MARC

LEADER 00000naa$a2200000$$$4500
001 0179972
005 20240502073047.8
041 0 |a slo 
044 |a SK 
245 1 0 |a Meranie chudoby  |c Viera Labudová 
500 |a Abstrakt 
610 2 0 |a chudoba 
610 2 0 |a chudobní 
610 2 0 |a obyvateľstvo 
610 2 0 |a indexy 
100 1 |a Labudová, Viera, 1958-